000 00444nab a2200145Ia 4500
003 ES-SlBCS
005 20210601142711.0
008 140529s2011 xxu||||| |||| 00| 0 spa d
041 _aspa
100 1 _aCastells, Pere
_9123297
245 0 0 _aEl alioli llega a Harvard
_c Pere Castells
650 0 4 _aEmulsión
_9275928
773 0 _tInvestigacion y Ciencia (Traducción de: Scientific American)
_gnº. 420, 2011, págs. 55
_wRev1650
942 _cAR
999 _c680749
_d680749